Technical dictionary. Telecommunication engineering: (Record no. 6232)

MARC details
000 -LEADER
fixed length control field 01351nac a22003131u 4500
010 ## - LIBRARY OF CONGRESS CONTROL NUMBER
LC control number 85163272
082 00 - DEWEY DECIMAL CLASSIFICATION NUMBER
Classification number 603
Item number SHA
090 ## - LOCALLY ASSIGNED LC-TYPE CALL NUMBER (OCLC); LOCAL CALL NUMBER (OCLC)
-- 6232
-- 6232
100 ## - MAIN ENTRY--PERSONAL NAME
Personal name El-Shafei Ahmed Mokht
245 10 - TITLE STATEMENT
Title Technical dictionary. Telecommunication engineering:
Remainder of title English-French-German-Arabic /
Statement of responsibility, etc Compiled by: Ahmed Mokhtar El-Shafei; Edited by Anwar Mahmoud Abd-El-Wahed
260 ## - PUBLICATION, DISTRIBUTION, ETC. (IMPRINT)
Place of publication, distribution, etc [Leipzig] :
Name of publisher, distributor, etc Edition Leipzig,1983
Date of publication, distribution, etc 1983.
300 ## - PHYSICAL DESCRIPTION
Extent 277, 134 p. :
Other physical details ill. ;
Dimensions 22 cm.
440 ## -
-- al-maajim al Technolozhiya Al Takhasusiyah
500 ## - GENERAL NOTE
General note Title on p. [4] of cover: Telecommunication engineering = Technique de teÌ?leÌ?communication = Nachrichtentechnik.
500 ## - GENERAL NOTE
General note Includes index.
500 ## - GENERAL NOTE
General note distributer: Al-Ahram
511 ## - PARTICIPANT OR PERFORMER NOTE
Participant or performer note catalogued by: wessam
650 #0 - SUBJECT ADDED ENTRY--TOPICAL TERM
Topical term or geographic name as entry element Telecommunication
Form subdivision Dictionaries
650 #0 - SUBJECT ADDED ENTRY--TOPICAL TERM
Topical term or geographic name as entry element Technology
Form subdivision Dictionaries Arabic
650 #0 - SUBJECT ADDED ENTRY--TOPICAL TERM
Topical term or geographic name as entry element Technology
Form subdivision Dictionaries French
650 #0 - SUBJECT ADDED ENTRY--TOPICAL TERM
Topical term or geographic name as entry element Technology
Form subdivision Dictionaries German
700 1# - ADDED ENTRY--PERSONAL NAME
Personal name Abd al-Wahid, Anwar Mahmoud.
740 0# - ADDED ENTRY--UNCONTROLLED RELATED/ANALYTICAL TITLE
Uncontrolled related/analytical title Telecommunication engineering.
740 0# - ADDED ENTRY--UNCONTROLLED RELATED/ANALYTICAL TITLE
Uncontrolled related/analytical title Technique de teÌ?leÌ?communications.
740 0# - ADDED ENTRY--UNCONTROLLED RELATED/ANALYTICAL TITLE
Uncontrolled related/analytical title Nachrichtentechnik.
830 #0 - SERIES ADDED ENTRY--UNIFORM TITLE
Uniform title Maʻājim al-tiknūlūzhīyah al-takhaṣṣuṣīyah.
942 ## - ADDED ENTRY ELEMENTS (KOHA)
Item type NB - Book (Non borrowing)
Call number prefix 603SHA
Holdings
Withdrawn status Item status Damaged status Not for loan Home library Current library Shelving location Date acquired Source of acquisition Total Checkouts Full call number Barcode Date last seen Koha item type
        Central Library Central Library First floor 19/11/2007 Purchase   603SHA 000007120 15/07/2025 NB - Book (Non borrowing)
        Central Library Central Library First floor 19/11/2007 Purchase   603SHA 000007140 15/07/2025 NB - Book (Non borrowing)